Равновесие жидкость-пар в бинарной системе этиловый спирт-изобутиловый спирт; Сборник трудов Всесоюзного научно-исследовательского института гидролиза растительных материалов (ВНИИГидролиз); Том 21

Detaylı Bibliyografya
Parent link:Сборник трудов Всесоюзного научно-исследовательского института гидролиза растительных материалов (ВНИИГидролиз)/ Всесоюзный научно-исследовательский институт гидролиза растительных материалов (ВНИИГидролиз).— , 1968-1989
Том 21.— 1971.— С. 155-160
Yazar: Желтухина В. А.
Diğer Yazarlar: Цирлин Ю. А.
Dil:Rusça
Baskı/Yayın Bilgisi: 1971
Seri Bilgileri:Ректификация
Materyal Türü: MixedMaterials Kitap Bölümü
KOHA link:https://koha.lib.tpu.ru/cgi-bin/koha/opac-detail.pl?biblionumber=196028

MARC

LEADER 00000naa2a2200000 4500
001 196028
005 20231031182950.0
035 |a (RuTPU)RU\TPU\book\213857 
035 |a RU\TPU\book\213855 
090 |a 196028 
100 |a 20110518d1971 k y0rusy50 ca 
101 0 |a rus 
102 |a RU 
200 1 |a Равновесие жидкость-пар в бинарной системе этиловый спирт-изобутиловый спирт  |f В. А. Желтухина, Ю. А. Цирлин 
225 1 |a Ректификация 
320 |a Библиогр.: с. 159-160 (9 назв.) 
461 0 |0 (RuTPU)RU\TPU\book\213513  |t Сборник трудов Всесоюзного научно-исследовательского института гидролиза растительных материалов (ВНИИГидролиз)  |f Всесоюзный научно-исследовательский институт гидролиза растительных материалов (ВНИИГидролиз)  |d 1968-1989 
463 0 |0 (RuTPU)RU\TPU\book\213781  |t Том 21  |f под ред. А. Е. Лещука  |v С. 155-160  |d 1971  |p 222 с. 
700 1 |a Желтухина  |b В. А. 
701 1 |a Цирлин  |b Ю. А. 
801 1 |a RU  |b 63413507  |c 20110517 
801 2 |a RU  |b 63413507  |c 20111012  |g RCR 
942 |c BK